Enterprise resource planning : (Record no. 49555)

MARC details
000 -LEADER
fixed length control field 00958nam a22003017a 4500
005 - DATE AND TIME OF LATEST TRANSACTION
control field 20101227151343.0
008 - FIXED-LENGTH DATA ELEMENTS--GENERAL INFORMATION
fixed length control field 101227t xxu||||| |||| 00| 0 eng d
010 ## - LCCN (DPL NO)
LC control number ENG-101876
020 ## - INTERNATIONAL STANDARD BOOK NUMBER
International Standard Book Number 9780070700888
Terms of availability 395.00
020 ## - INTERNATIONAL STANDARD BOOK NUMBER
International Standard Book Number 0070700885
Terms of availability 395.00
035 ## - SYSTEM CONTROL NUMBER
System control number EN-85409
037 ## - SOURCE OF ACQUISITION
Source of stock number/acquisition DBAD/PUB
040 ## - CATALOGING SOURCE
Original cataloging agency dpl
Language of cataloging Eng
082 ## - DEWEY DECIMAL CLASSIFICATION NUMBER
Classification number 658.4012
100 ## - MAIN ENTRY--PERSONAL NAME
9 (RLIN) 25104
Personal name Ray, Rajesh
245 ## - TITLE STATEMENT
Title Enterprise resource planning :
Statement of responsibility, etc by Rajesh Ray
Remainder of title text and cases /
260 ## - PUBLICATION, DISTRIBUTION, ETC. (IMPRINT)
Place of publication, distribution, etc New Delhi
Name of publisher, distributor, etc Tata McGraw Hill
Date of publication, distribution, etc 2011
270 ## - ADDRESS
Address 7 West Patel Nagar
City New Delhi
Postal code 110008
300 ## - PHYSICAL DESCRIPTION
Extent xvii, 602 p. :
Dimensions 24cm (pbk)
Other physical details ill.
500 ## - GENERAL NOTE
General note Includes index
650 ## - SUBJECT ADDED ENTRY--TOPICAL TERM
9 (RLIN) 25107
650 ## - SUBJECT ADDED ENTRY--TOPICAL TERM
9 (RLIN) 25108
650 ## - SUBJECT ADDED ENTRY--TOPICAL TERM
9 (RLIN) 25109
650 ## - SUBJECT ADDED ENTRY--TOPICAL TERM
9 (RLIN) 25112
700 ## - ADDED ENTRY--PERSONAL NAME
9 (RLIN) 25105
942 ## - ADDED ENTRY ELEMENTS (KOHA)
Source of classification or shelving scheme Dewey Decimal Classification
Item type English Books
Classification part 658.4012
Call number suffix RAY
Holdings
Withdrawn status Lost status Source of classification or shelving scheme Damaged status Not for loan Collection code Home library Current library Date acquired Source of acquisition Cost, normal purchase price Total Checkouts Full call number Barcode Date last seen Copy number Cost, replacement price Koha item type
    Dewey Decimal Classification   Not For Loan Non-fiction D.B.Act.Division D.B.Act.Division 27/12/2010 DBAD/PUB 395.00   658.4012 RAY EN-85409 27/12/2010 1 395.00 English Books

© Delhi Public Library
Hit Counter
free hit counter